| 000 | 00799nam a2200205 a 4500 | ||
|---|---|---|---|
| 001 | 4618 | ||
| 003 | CDMR | ||
| 005 | 20151022114802.0 | ||
| 008 | 130130s1994||||||||||||||||||1|||||cat|d | ||
| 040 |
_aCDMR _bcat _cCDMR |
||
| 111 | 2 |
_93630 _aJornades d'Història de la Premsa _cSant Cugat del Vallès _d1992 _n1es |
|
| 245 | 1 | 0 |
_aGazeta _b: actes de les primeres Jornades d'Història de la Premsa |
| 260 |
_aBarcelona _c1994 _bSocietat Catalana de la Comunicació |
||
| 300 | _a394 p. | ||
| 500 | _aEl títol de les actes és un homenatge a la primera publicació periòdica de la Península, apareguda a Barcelona l'any 1641 | ||
| 650 | 0 | 4 |
_91130 _aPremsa _xHistòria _vCongressos |
| 700 | 1 |
_913 _aFigueres i Artigues, Josep Maria _epr. |
|
| 710 | 2 |
_994 _aSocietat Catalana de Comunicació |
|
| 942 |
_cMON _2udc |
||
| 999 |
_c4618 _d4618 |
||